| 000 | 00524nam a2200169 i 4500 | ||
|---|---|---|---|
| 001 | 29187 | ||
| 003 | ES-MaACL | ||
| 005 | 20230906154003.0 | ||
| 007 | t| | ||
| 008 | 030121s1946 ag ||||1| spa d | ||
| 100 | 1 |
_aBallagas, Emilio. _924965 |
|
| 245 | 1 | 0 |
_aMapa de poesía negra americana / _cEmilio Ballagas ; ilustraciones de Ravenet. |
| 260 |
_aBuenos Aires : _bPleamar, _c[1946] ( _fLópez) |
||
| 300 |
_a32 p., 10 lám : _b1 retr. aut. ; _c21 cm. |
||
| 700 | 1 |
_aRavenet. _995580 |
|
| 852 |
_aES-MaACL _jD-6011 _bR.30232 |
||
| 999 |
_c29187 _d29187 |
||